000 00326nam a2200121Ia 4500
008 220204s9999 xx 000 0 und d
082 _a030.8:801.323.9
_bDOO
245 0 _aFive language European dictionary
260 _aGreat Britain
_bLondon editions
_c1977
700 _aDoorian, A F
700 _aMorris, Gwyn
942 _cBK
999 _c28102
_d28102